000 00783cam a22002291 4500
001 f 01002610
003 DLC
005 20260227111244.0
008 780224s1850 fr acf 000 0cfre
010 _af 01002610
035 _a(OCoLC)3665325
040 _aDLC
_cFTaSU
_dFTaSU
_dDLC
050 0 0 _aDC201
_b.H67 t. 5
100 1 _aBessières, Lucien
245 0 0 _aHistoire de la famille Bonaparte,
_cpar Lucien Bessières et D. Marcolino Prat.
260 _aParis,
_bE. et V. Penaud
_c[1850]
300 _a332 p.
_billus., plates (part. col.), ports.
_c26 cm.
490 0 _aHistoire de Napoléon, du Consulat et de l'Empire,
_vt. 5
600 2 0 _aBonaparte family.
600 0 0 _aNapoleon
_bI,
_cEmperor of the French,
_d1769-1821
_xFamily.
700 1 _aPrat, Marcolino,
_ejoint author
999 _c22881
_d22881